| 000 | 01694nam a2200241 i 4500 | ||
|---|---|---|---|
| 999 |
_c27164 _d27164 |
||
| 006 | m|||||o||d|||||||| | ||
| 007 | cr|||||||||||| | ||
| 008 | 170707s2020||||enk o ||1 0|eng|d | ||
| 020 |
_a9781108347945 (ebook) _qOnline Resource |
||
| 040 |
_aUkCbUP _beng _erda |
||
| 082 | 0 | 0 |
_a387.5 _223 |
| 100 | 1 | _aLorange, Peter, | |
| 245 | 1 | 0 |
_aInnovations in shipping / _cPeter Lorange. |
| 260 |
_aLondon _bCambridge University Press _c2020 |
||
| 300 |
_a1 online resource (x, 213 pages) : _bdigital, PDF file(s). |
||
| 500 | _aTitle from publisher's bibliographic system (viewed on 19 Mar 2020). | ||
| 520 | _aInnovations are dramatically changing the traditionally conservative global ocean shipping industry as it works to become more efficient and more sustainable. Academic and former shipping company owner Peter Lorange is best placed to make sense of how to approach and keep ahead of these changes. This book explains what the key innovations are, how to ensure a return on investment, the barriers to innovation and how to overcome them. Drawing on a number of specialist case studies, Lorange outlines the specific analytical and decision-making steps to consider and actions to take to arrive at a new strategic blueprint for modern shipping companies. This book is invaluable for practising shipping company executives, advanced students of shipping, logistics, port management and maritime economics and investors deciding whether to invest in a particular shipping firm. | ||
| 650 | 0 |
_aShipping _xTechnological innovations. |
|
| 650 | 0 |
_aShipping _xManagement. |
|
| 776 | 0 | 8 |
_iPrint version: _z9781108424875 |
| 856 | 4 | 0 | _uhttps://doi.org/10.1017/9781108347945 |
| 942 |
_2ddc _cEBK |
||